000 01115nam0a22002651 4500
001 rc\2935678
005 20250806211511.0
035 _a(NLR Aleph) 007084818
090 _a50658
_c50658
100 _a20110822d1943 u y0rusy50 ca
101 0 _arus
102 _aRU
105 _ay z |||||
200 1 _aИнструкция по упрощению строительно-монтажных работ на городских телефонных сетях в условиях военного времени
_fНар. ком. связи СССР, Гл. строит. упр. Центр. телефон. упр.
205 _a2-е изд.
210 _aМосква
_cСвязьиздат
_d1943
215 _a8 с., без тит. л.
_d16 см
712 0 1 _aСССР
_bНародный комиссариат связи
_bГлавное строительное управление
_4570
801 0 _aRU
_bNLR
_gpsbo
801 1 _aRU
_bELAR
_2rusmarc
852 _aNLR
_jТ94 Г-2/67
942 _cBOOK
945 _aРоссийская национальная библиотека
980 _aNB
980 _aBV